Statistics for Top Ten Countries That Speak French By Percentage

Click here to take the quiz!

General Stats

  • This quiz has been taken 71 times
  • The average score is 8 of 10

Answers on the Map

Answers color-coded by a green-red scale on the quiz's map according to % correct below.
 

Answer Stats

Percent (%)Country% Correct
97%France
100%
75%Belgium
95%
67%Switzerland
91%
92%Luxembourg
83%
97%Monaco
83%
70%Andorra
75%
59%Republic of the Congo
70%
66%Gabon
63%
73%Mauritius
58%
53%Seychelles
50%

Score Distribution

Percentile by Number Answered

Percent of People with Each Score

Your Score History

You have not taken this quiz